000 00654nam a2200205Ia 4500
003 GCL
008 140319s9999 xx 000 0 ara d
040 _aGCL /
_cGCL
082 0 4 _a552.1
_bف ص
100 1 _aفؤاد المرزقى
245 1 0 _aالصخور النارية /
_cفؤاد المرزقى
250 _aالاولى
260 _aالرياض :
_bمركز النشر العلمي لجامعة الملك عبدالعزيز ،
_c1993
300 _a228 ص ؛
_c24 سم
650 0 4 _aالصخور البركانية
650 0 4 _aالصخورالنارية
650 0 4 _aالجرانيت
650 0 4 _aالبازلت
942 _2ddc
_cBK
999 _c7060
_d7060